01145cam a2200301 a 4500952016700000999001700167001000700184003000400191005001700195008004100212010001700253020001500270040001800285050002200303082002200325100004000347245009300387250002600480260004800506300005400554504005100608650001600659650003000675700003200705700001900737906004500756942004200801 00102ddc40708PSYCHOLOGYaMESbMEScPSYCHOLOGYd2022-09-26e53g730.00l1o616.89 CAR/Ap41579r2023-10-11 14:58:58s2023-10-11v730.00w2022-09-26yBKzGL45R3 c41536d41536708745OSt20220919152559.0970516s1998 nyua b 001 0 eng  a 97021468  a0321016815 aDLCcDLCdDLC00aRC454b.C275 199800a616.89221bCAR/A1 aCarson, Robert C.,d1930-20069911410aAbnormal psychology and modern life /cRobert C. Carson, James N. Butcher, Susan Mineka. a10th ed., 1998 update aNew York :bAddison Wesley Longman,cc1998. axxii, 700, [147] p. :bill. (some col.) ;c29 cm. aIncludes bibliographical references and index. 0aPsychiatry. 0aPsychology, Pathological.1 aButcher, James Neal,d1933-1 aMineka, Susan. a7bcbccorignewd1eocipf19gy-gencatlg 2ddccBKh616.89iCAR/Ak616.89mCAR/A